| 000 | 00578cam a22002053a 4500 | ||
|---|---|---|---|
| 001 | 46020 | ||
| 003 | PGUSA | ||
| 005 | 20140828084057.0 | ||
| 008 | 140625s2014||||xxu|||||s|||||000 | eng d | ||
| 040 |
_aPGUSA _beng |
||
| 042 | _adc | ||
| 100 | 1 | _aHayens, Hebert | |
| 245 | 1 | 4 |
_aThe Gayton Scholarship : _bA School Story _h[electronic resource] / _cHebert Hayens |
| 260 |
_bProject Gutenberg, _c2014 |
||
| 506 | _aPublic domain in the USA. | ||
| 516 | _aElectronic text | ||
| 830 | 0 |
_aProject Gutenberg _v46020 |
|
| 856 | 4 | 0 | _uhttp://www.gutenberg.org/ebooks/46020 |
| 942 | _cEB | ||
| 999 |
_c275269 _d275269 |
||